Proceso de justicia que favorece al general Diego de Alarcón Fajardo, en la causa criminal, que contra él ha seguido el Capitán Pedro de Luvias Pacheco

Detalles Bibliográficos
Otros Autores: Diego de Alarcón Fajardo, Pedro de Luvias Pacheco
Formato: Libro
Publicado: Vizcaya, s.f.
Materias:
Colección:Banco de datos
Acervo:Biblioteca Palafoxiana. Colección de Manuscritos
Descripción Física:5 f. ; 20.5 x 29.5 cm.
Tema general:Civil
LEADER 00541nam a22001570004500
035 |a 1185 
245 1 0 |a Proceso de justicia que favorece al general Diego de Alarcón Fajardo, en la causa criminal, que contra él ha seguido el Capitán Pedro de Luvias Pacheco 
260 |a Vizcaya, s.f. 
300 |a 5 f. ; 20.5 x 29.5 cm. 
650 1 0 |a Civil 
700 1 |a Diego de Alarcón Fajardo 
700 1 |a Pedro de Luvias Pacheco 
949 |a 20114/019 
942 |c PALAMANU 
943 |g Biblioteca Palafoxiana. Colección de Manuscritos 
999 |c 1069130  |d 1069130